| 000 | 00788nam0a22002411 4500 | ||
|---|---|---|---|
| 001 | rc\2949147 | ||
| 005 | 20250530042037.0 | ||
| 035 | _a(NLR Aleph) 007214310 | ||
| 090 |
_a7678139 _c7678139 |
||
| 100 | _a20110829d1938 |||y0rusy50 ca | ||
| 101 | 0 | _arus | |
| 102 | _aRU | ||
| 105 | _aac z ||||| | ||
| 200 | 1 | _aСтахановец-докерман Александр Свеколкин | |
| 210 |
_aМосква _cВодный транспорт _d1938 _g5 тип. Трансжелдориздата |
||
| 215 |
_a16 с. _cпортр., черт. _d22 см |
||
| 600 | 1 |
_aСвеколкин _bА.Г. _gАлександр Георгиевич |
|
| 700 | 1 |
_aРоман _bР. |
|
| 801 | 0 |
_aRU _bNLR _gpsbo |
|
| 801 | 1 |
_aRU _bELAR _2rusmarc |
|
| 852 |
_aNLR _j38-11/1546 |
||
| 942 | _cBOOK | ||
| 980 | _aNB | ||